Миндрин Филипп Михайлович. О торговых делах. Приложен черновик ответа Звегинцова А. И.

Доступно только в Электронных читальных залах Найти на картеНа карте
RUSMARC
00004415nac2a22002893x 450
001c401edf2-5560-4c39-8a2b-6a401e6e56c1
00520211209140331.0
100##$a20211120l19121913k y0rusy50 ca
1010#$arus
102##$aRU
105##$ay z |||||
1222#$ad19121212
$ad19130606
2001#$aМиндрин Филипп Михайлович. О торговых делах. Приложен черновик ответа Звегинцова А. И.
$j12 декабря 1912 - 06 июня 1913
215##$a3 листа
251##$cДело
300##$aЗаголовок дела на папке: Письма Миндрина Филиппа Михайловича - Звегинцеву Ал. Ив. (О хозяйственных и торговых делах. Приложена копия ответа Звегинцева)
300##$aРукописный и машинописный текст
324##$aВ деле имеются копии отдельных документов
330##$aВходит в раздел описи: 1. Письма к А. И. Звегинцову. 3/ Письма имущественно-хозяйственного характера
461#0$1001fc48e33c-c630-4015-85dd-2f2aab656f45
$12001
$aЗвегинцев Александр Иванович, помещик Воронежской губернии, депутат III Государственной думы, член партии "Союз 17 октября"
$1251
$cФонд
$1852
$j932
462#0$1001ddcf82e7-7bd9-4c5e-b7f1-85df8b3febb3
$12001
$aДела постоянного хранения. 1899-1913 гг.
$vД. 577
$1251
$cОпись
$1852
$j1
5171#$aПисьма Миндрина Филиппа Михайловича - Звегинцеву Ал. Ив. (О хозяйственных и торговых делах. Приложена копия ответа Звегинцева)
600#1$aЗвегинцев
$bА. И.
$gАлександр Иванович
600#1$aМиндрин
$bФ. М.
$gФилипп Михайлович
801#0$aRU
$bGA_RF
801#1$aRU
$bГлавНИВЦ
$c20211120
$2rusmarc
801#2$aRU
$bПБ им. Б.Н. Ельцина
$c20211209
$gRCR
$2rusmarc
852##$aГА РФ
$j577
937##$d171347279
$hГАРФ
035##$aRuPRLIB51062162
856##$uhttp://readingroom.main.prlib.ru/item.aspx?id_node=n171347279&mode=full
Формат отображения